<?xml version="1.0" encoding="UTF-8"?><?xml-stylesheet type="text/xsl" href="static/style.xsl"?><OAI-PMH xmlns="http://www.openarchives.org/OAI/2.0/" xmlns:xsi="http://www.w3.org/2001/XMLSchema-instance" xsi:schemaLocation="http://www.openarchives.org/OAI/2.0/ http://www.openarchives.org/OAI/2.0/OAI-PMH.xsd"><responseDate>2026-04-17T17:06:11Z</responseDate><request verb="GetRecord" identifier="oai:www.recercat.cat:10459.1/64173" metadataPrefix="marc">https://recercat.cat/oai/request</request><GetRecord><record><header><identifier>oai:recercat.cat:10459.1/64173</identifier><datestamp>2024-12-05T21:30:57Z</datestamp><setSpec>com_2072_3622</setSpec><setSpec>col_2072_479130</setSpec></header><metadata><record xmlns="http://www.loc.gov/MARC21/slim" xmlns:dcterms="http://purl.org/dc/terms/" xmlns:xsi="http://www.w3.org/2001/XMLSchema-instance" xmlns:doc="http://www.lyncode.com/xoai" xsi:schemaLocation="http://www.loc.gov/MARC21/slim http://www.loc.gov/standards/marcxml/schema/MARC21slim.xsd">
   <leader>00925njm 22002777a 4500</leader>
   <datafield ind2=" " ind1=" " tag="042">
      <subfield code="a">dc</subfield>
   </datafield>
   <datafield ind2=" " ind1=" " tag="720">
      <subfield code="a">Ponce, David, 1968-</subfield>
      <subfield code="e">author</subfield>
   </datafield>
   <datafield ind2=" " ind1=" " tag="260">
      <subfield code="c">2015-02-09T13:47:50Z</subfield>
   </datafield>
   <datafield ind2=" " ind1=" " tag="260">
      <subfield code="c">2015-02-09T13:47:50Z</subfield>
   </datafield>
   <datafield ind2=" " ind1=" " tag="260">
      <subfield code="c">2014-10-24</subfield>
   </datafield>
   <datafield ind2=" " ind1=" " tag="520">
      <subfield code="a">Osteopathy has gained recognition within the field of medicine and&#xd;
physiotherapy. Its recognition within society has meant that many people&#xd;
use osteopathy as a means to achieving quality of life.&#xd;
The purpose of the study was to answer the question, whether it is possible&#xd;
to reduce healthcare costs using osteopathy to improve or cure ailments&#xd;
related pathologies that people have. Similarly, to assess the current&#xd;
situation of Osteopathy in the Spanish health system and propose it as a tool&#xd;
to reduce healthcare costs.&#xd;
Through a systematic review of literature data yielded information linked to&#xd;
object research were obtained. At the same time a field of non-experimental&#xd;
in order to determine the relative to the implementation of Osteopathy to&#xd;
reduce public health costs lead was developed.&#xd;
To reach certain conclusions, it was necessary to develop a work-study,&#xd;
which included the implementation of surveys on 401 medical health&#xd;
professionals framed within the "general medicine and trauma", and 401&#xd;
users of medical services who attended a clinic Osteopathic located in the&#xd;
city of Barcelona.&#xd;
The clinical benefit of treatment and improving the economic cost medium&#xd;
and long term was found.&#xd;
It was established that the Spanish healthcare system does not guarantee&#xd;
savings for the treatment of conditions that Osteopathy treats effectively,&#xd;
that on the contrary, it generates more costs. Osteopathy reduces&#xd;
healthcare costs.</subfield>
   </datafield>
   <datafield ind2=" " ind1=" " tag="520">
      <subfield code="a">La Osteopatía ha ganado reconocimiento dentro del ámbito de la medicina y&#xd;
la fisioterapia. Su reconocimiento dentro de la sociedad ha propiciado que&#xd;
gran número de personas usen la Osteopatía como un medio para el logro&#xd;
de calidad de vida.&#xd;
El objeto del estudio fue responder al interrogante, de si es posible reducir&#xd;
costes sanitarios utilizando la Osteopatía para mejorar o curar dolencias&#xd;
relacionadas con las patologías que tienen las personas.&#xd;
De igual modo, evaluar la situación actual de la Osteopatía en el sistema&#xd;
sanitario español y proponerla como un instrumento de reducción de costes&#xd;
sanitarios.&#xd;
Mediante una revisión sistemática de literatura se obtuvieron datos que&#xd;
arrojaron información vinculada al objeto de investigación. Al mismo tiempo&#xd;
se desarrolló un trabajo de campo de tipo no experimental con el fin de&#xd;
determinar la ventaja relativa a la implementación de la Osteopatía para&#xd;
reducir costes de la salud pública.&#xd;
Para llegar a conclusiones ciertas, fue preciso desarrollar un trabajo de&#xd;
estudio, que contempló la aplicación de encuestas sobre 401 profesionales&#xd;
médicos de la sanidad encuadrados dentro de la “medicina general y&#xd;
traumatólogos”, y sobre 401 usuarios de servicios médicos que asistieron a&#xd;
una Clínica Osteopática ubicada en la ciudad de Barcelona.&#xd;
Se comprobó el beneficio clínico del tratamiento y mejora del coste&#xd;
económico a medio y largo plazo.&#xd;
Se estableció que el sistema sanitario español no garantiza ahorro para el&#xd;
tratamiento de patologías que la Osteopatía trata, efectivamente, que al&#xd;
contrario, genera más costes. La Osteopatía es generadora de reducción de&#xd;
costes sanitarios</subfield>
   </datafield>
   <datafield ind2=" " ind1=" " tag="520">
      <subfield code="a">L'Osteopatia ha guanyat reconeixement dins l'àmbit de la medicina i la&#xd;
fisioteràpia. El seu reconeixement dins de la societat ha propiciat que gran&#xd;
nombre de persones facin servir l'Osteopatia com un mitjà per a l'assoliment&#xd;
de qualitat de vida.&#xd;
L'objecte de l'estudi va ser respondre a l'interrogant, de si és possible reduir&#xd;
costos sanitaris utilitzant l'Osteopatia per millorar o curar malalties&#xd;
relacionades amb les patologies que tenen les persones. De la mateixa&#xd;
manera, avaluar la situació actual de l'Osteopatia en el sistema sanitari&#xd;
espanyol i proposar-la com un instrument de reducció de costos sanitaris.&#xd;
Mitjançant una revisió sistemàtica de literatura es van obtenir dades que van&#xd;
llançar informació vinculada a l'objecte d'investigació. Alhora es va&#xd;
desenvolupar un treball de camp de tipus no experimental amb la finalitat de&#xd;
determinar l'avantatge relativa a la implementació de l'Osteopatia per reduir&#xd;
costos de la salut pública.&#xd;
Per arribar a conclusions certes, va caldre desenvolupar un treball d'estudi,&#xd;
que va contemplar l'aplicació d'enquestes sobre 401 professionals mèdics de&#xd;
la sanitat enquadrats dins de la "medicina general i traumatòlegs", i sobre&#xd;
401 usuaris de serveis mèdics que van assistir a una Clínica Osteopàtica&#xd;
ubicada a la ciutat de Barcelona.&#xd;
Es va comprovar el benefici clínic del tractament i millora del cost econòmic&#xd;
a mitjà i llarg termini.&#xd;
Es va establir que el sistema sanitari espanyol no garanteix estalvi per al&#xd;
tractament de patologies que l'Osteopatia tracta efectivament, que al&#xd;
contrari, genera més costos. L'Osteopatia és generadora de reducció de&#xd;
costos sanitaris.</subfield>
   </datafield>
   <datafield ind1="8" ind2=" " tag="024">
      <subfield code="a">http://hdl.handle.net/10459.1/64173</subfield>
   </datafield>
   <datafield tag="653" ind2=" " ind1=" ">
      <subfield code="a">Osteopatía</subfield>
   </datafield>
   <datafield tag="653" ind2=" " ind1=" ">
      <subfield code="a">Costos de salud</subfield>
   </datafield>
   <datafield tag="653" ind2=" " ind1=" ">
      <subfield code="a">Sistema sanitario</subfield>
   </datafield>
   <datafield tag="653" ind2=" " ind1=" ">
      <subfield code="a">Osteopatia</subfield>
   </datafield>
   <datafield tag="653" ind2=" " ind1=" ">
      <subfield code="a">Costos de salut</subfield>
   </datafield>
   <datafield tag="653" ind2=" " ind1=" ">
      <subfield code="a">Sistema sanitari</subfield>
   </datafield>
   <datafield tag="653" ind2=" " ind1=" ">
      <subfield code="a">Osteopathy</subfield>
   </datafield>
   <datafield tag="653" ind2=" " ind1=" ">
      <subfield code="a">Healthcare costs</subfield>
   </datafield>
   <datafield tag="653" ind2=" " ind1=" ">
      <subfield code="a">Healthcare System</subfield>
   </datafield>
   <datafield tag="653" ind2=" " ind1=" ">
      <subfield code="a">614</subfield>
   </datafield>
   <datafield tag="653" ind2=" " ind1=" ">
      <subfield code="a">615</subfield>
   </datafield>
   <datafield ind2="0" ind1="0" tag="245">
      <subfield code="a">La osteopatía como instrumento de reducción de costes en el sistema sanitario español</subfield>
   </datafield>
</record></metadata></record></GetRecord></OAI-PMH>